Territory Flags of the World Randomized - Statistics

General Stats
  • This quiz has been taken 152 times
  • The average score is 33 of 50
Answer Stats
Picture Answer % Correct
Niue
91%
Hong Kong
90%
Puerto Rico
90%
Falkland Islands
89%
Guam
89%
Isle of Man
88%
Jersey
88%
Aruba
87%
Christmas Island
87%
Johnston Atoll
87%
United States Virgin Islands
87%
Greenland
85%
Cook Islands
84%
Norfolk Island
84%
Åland
83%
Bermuda
83%
Faroe Islands
83%
French Polynesia
83%
Macau
83%
Saint Pierre and Miquelon
83%
Anguilla
82%
Guernsey
82%
American Samoa
81%
Gibraltar
81%
New Caledonia
81%
Curaçao
80%
Wake Island
80%
Tokelau
78%
Easter Island
77%
Northern Mariana Islands
77%
Saint Barthélemy
77%
British Indian Ocean Territory
75%
Montserrat
74%
Wallis and Futuna
73%
British Virgin Islands
72%
Cocos Islands
72%
Bonaire
71%
Cayman Islands
70%
Saint Helena
70%
British Antarctic Territory
68%
Ascension Island
67%
Pitcairn Islands
67%
Saba
66%
Azores
63%
French Southern and Antarctic Lands
63%
Turks and Caicos Islands
63%
Canary Islands
61%
Sint Maarten
59%
Madeira
58%
South Georgia and the South Sandwich Islands
58%
Ceuta
57%
Tristan da Cunha
54%
Sint Eustatius
53%
Juan Fernández Islands
47%
Melilla
47%
Ross Dependency
41%
Chatham Islands
22%
No matching quizzes found
Score Distribution
Percent of People with Each Score
Percentile by Number Answered
Your Score History
You have not taken this quiz